00534nam a2200169 a 450000100100000000500170001000800410002704000250006808200150009310000350010824500250014326000360016830000200020404900090022495201140023399900170034700002976220200930055804.0110425s1972 dr 000 0 spa d aDO-SdBNPbspacBNPHU axxxbG216v1 aGarcía Bidó, Rafael91819813aEl verso se levanta. aSanto Domingo:a[s.n],c[197?]. a52 p. ;c19 cm. aBNPD 00107-18PDaPDbPDcOId2011-04-25iLF1l0oxxx G216vp29762-10r2020-06-25w2020-06-25yLFPDZNo se presta c29254d29254